| 000 | 00520nam a2200181Ia 4500 | ||
|---|---|---|---|
| 003 | GCL | ||
| 008 | 140319s9999 xx 000 0 ara d | ||
| 040 |
_aGCL / _cGCL |
||
| 082 | 0 | 4 |
_a796.14 _bم ا |
| 100 | 1 | _aمحمد حسن علاوى | |
| 245 | 1 | 0 |
_aاختبارات الاداء الحركى ط3 / _cمحمد حسن علاوى |
| 700 | 1 | _aمحمد نصر الدين رضوان | |
| 300 | _a396 ص | ||
| 490 | _a | ||
| 650 | 0 | 4 | _aالاختبارات |
| 650 | 0 | 4 | _aالتربية البدنية |
| 942 |
_2ddc _cBK |
||
| 999 |
_c38765 _d38765 |
||